000 01549cam a2200397 i 4500
001 12613798
003 EG-GICUC
005 20260412193257.0
008 260412s2000 fr frb 001 0 fre
010 _a 2002385844
020 _a273140230X
040 _aDLC
_cEG-GICUC
_dEG-GICUC
_bfre
_eRda
043 _ae-fr---
082 0 4 _221
_a341.84
_bC H . E
092 0 4 _221
_a341.84
099 _aLaw1 11 341.84 C H . E 2000
100 1 _aChalas, Christelle.
_eAuteur
245 1 2 _aL'exercice discrétionnaire de la compétence juridictionnelle en droit international privé /
_cChristelle Chalas ; préface Horatia Muir Watt.
_nTome 1
300 _aV1 (346 pages) ;
_c24 cm.
_billustration ;
336 _atext
_btxt
_2rdacontent
337 _aunmediated
_bn
_2rdamedia
338 _avolume
_bnc
_2rdacarrier
504 _aIncludes bibliographical references (p. [703]-734) and index.
650 0 _aConflict of laws
_xJurisdiction
_zFrance.
_2qrmak
650 0 _aConflit de lois
_2qrmak
650 0 _aJudicial discretion
_zFrance.
_2qrmak
651 1 _2qrmak
710 2 _aFaculté de droit et de science politique d'Aix-Marseille.
856 4 0 _uhttps://fll.law.cu.edu.eg/fulltext/bks/B11-08972.pdf
905 _a15
906 _a7
_bcbc
_corigres
_d2
_encip
_f20
_gy-gencatlg
942 _2ddc
_cBK
_e21
_n0
999 _c70405
_d70405